000 00397nam a2200169Ia 4500
005 20240823011032.0
008 240823s9999||||xx |||||||||||||| ||und||
082 _A515 P1
100 _aArumugam S [et al]
245 0 _aNumerical methods
250 _a1st
260 _c2001
_b"Scitech,Chennai"
500 _aYES
650 _aNumerical Methods
_bMathematics
942 _cBK
999 _c160366
_d160366